{"text_format":"3","workbook":"xlsx","n_sheets":6,"sheets":["MATRIZ ESPACIOS CONFINADOS","VR Espacios Confinados","Peligros ","Tablas NE - NC - NP - ND","Tablas NR ","Hoja de Actualizaciones"],"not_rendered":{"defined_names":35,"comments":1},"read":"whole","date_system":"1900"}

{"sheet":"MATRIZ ESPACIOS CONFINADOS","index":0,"n_rows":27,"n_cols":46,"rows_kept":27,"merged":[[0,0,2,5],[0,6,2,33],[0,34,2,39],[3,0,5,5],[3,6,5,33],[3,34,5,39],[6,0,8,0],[6,1,8,1],[6,2,8,2],[6,3,8,3],[6,4,7,5],[6,6,8,6],[6,7,8,7],[6,8,7,9],[6,10,7,13],[6,14,8,14],[6,15,6,21],[6,22,6,28],[6,29,8,29],[6,30,6,36],[6,37,8,37],[6,38,8,38],[6,39,8,39],[7,15,7,17],[7,18,7,20],[7,22,8,22],[7,23,8,23],[7,24,8,24],[7,25,8,25],[7,26,8,26],[7,27,8,27],[7,28,8,28],[7,30,7,32],[7,33,7,35]]}
[{"$nulls":6},"MATRIZ DE IDENTIFICACIÓN DE PELIGROS, EVALUACIÓN Y VALORACIÓN DE RIESGOS",{"$nulls":27},"Página 1 de 1",{"$nulls":8},10,1,10]
[{"$nulls":43},6,2,25]
[{"$nulls":43},2,3,60]
["Versión 2 de 03/19",{"$nulls":5},"GESTIÓN DE TALENTO HUMANO – SEGURIDAD Y SALUD EN EL TRABAJO",{"$nulls":27},"Código: \nGTH-SST-MA-02",{"$nulls":9},4,100]
[]
[]
["LUGAR","PROCESO","ACTIVIDAD","TAREA","PELIGRO",null,"FUENTE","POSIBLES EFECTOS","TIPO DE ACTIVIDAD",null,"EXPUESTOS",{"$nulls":3},"TIMEPO DE \nEXPOSICION","CONTROLES EXISTENTES",{"$nulls":6},"EVALUACION DEL RIESGO ABSOLUTO",{"$nulls":6},"ACEPTABILIDAD DEL RIESGO","MEDIDAS DE CONTROL PROPUESTAS",{"$nulls":6},"SEGUIMIENTO","RESPONSABLE","OBSERVACIONES GENERALES"]
[{"$nulls":15},"FUENTE / MEDIO",null,null,"ADMINISTRATIVO",null,null,"TRABAJADOR","NIVEL \nDEFICIENCIA","NIVEL \nEXPOSICIÓN","NIVEL  PROBABILIDAD\n( ND x NE)","INTERPRETACION \nDEL NP","NIVEL \nCONSECUENCIA","NIVEL DE RIESGO \nABSOLUTO\n( NP x NC)","INTERPRETACION DEL NR                                ",null,"FUENTE / MEDIO",null,null,"ADMINISTRATIVOS",null,null,"TRABAJADOR"]
[{"$nulls":4},"CLASIFICACION","DESCRIPCIÓN",null,null,"NO \nRUTINARIA","RUTINARIA","PERSONAL DIRECTO","CONTRATISTA","VISITANTES","TOTAL",null,"ELIMINACIÓN","SUSTITUCIÓN","INGENIERÍA","SEÑALIZACIÓN","DOCUMENTACIÓN ","CAPACITACIÓN","EQUIPOS DE MEDICIÓN Y/O ELEMENTOS DE PROTECCIÓN PERSONAL",{"$nulls":8},"ELIMINACIÓN","SUSTITUCIÓN","CONTROL DE INGENIERÍA","CONTROL ADMINISTRATIVO","SEÑALIZACIÓN","CAPACITACIÓN","ELEMENTOS DE PROTECCIÓN PERSONAL"]
[]
["SISTEMA DE ALCANTARILLADO","OPERATIVO","Mantenimiento Locativo y Operativo ","Mantenimiento","Quimico","Gases y vapores","Presencia de gases toxicos","Asfixia, intoxicacion y muerte","NO","SI",5,2,0,{"$f":"SUM(K11:M11)","v":7},8,"NO","NO","Ventilación del área de trabajo","Delimitación del área de trabajo","Procedimiento seguro para el ingreso al sistema de alcantarillado","Medición de gases atmósfericos","Equipos de respiración autónoma",10,3,{"$f":"W11*X11","v":30},{"$f":"IF(Y11=0,\"N/A\",IF(AND(Y11>=1,Y11<=4),\"BAJO\",IF(AND(Y11>=6,Y11<=9),\"MEDIO\",IF(AND(Y11>=10,Y11<=20),\"ALTO\",IF(Y11>=24,\"CRITICO\")))))","v":"CRITICO"},100,{"$f":"Y11*AA11","v":3000},{"$f":"IF(AB11=0,\"N/A\",IF(AND(AB11>=1,AB11<=100),\"IV\",IF(AND(AB11>=101,AB11<=400),\"III\",IF(AND(AB11>=401,AB11<=1200),\"II\",IF(AB11>=1201,\"I\")))))","v":"I"},{"$f":"IF(AC11=\"N/A\",\"N/A\",IF(AND(AC11=\"IV\"),\"ACEPTABLE\",IF(AND(AC11=\"III\"),\"ACEPTABLE CON CONTROL MONITOREADO\",IF(AND(AC11=\"II\"),\"NO ACEPTABLE O ACEPTABLE CON CONTROL ESPECIFICO\",IF(AC11=\"I\",\"NO ACEPTABLE\")))))","v":"NO ACEPTABLE"},"NO","NO","Ventilación del área de trabajo","Elaborar procedimiento seguro para el ingreso al sistema de alcantarillado\nExamanes médicos ocupacionales\nEquipos adecuados para medición","Delimitación del área de trabajo","Utilización de los equipos para medición de gases (Multigas)","Equipos de respiración autónoma","Mediciones Atmósfericas","Analista SST","Realizar charlas pre operacionales de seguridad."]
["SISTEMA DE ALCANTARILLADO","OPERATIVO","Mantenimiento Locativo y Operativo ","Mantenimiento","Quimico","Gases y vapores","Acumulaciòn de gases y/o vapores dentro de los rangos de inflamabilidad permisibles","Muerte","NO","SI",5,2,0,{"$f":"SUM(K12:M12)","v":7},8,"NO","NO","Ventilación del área de trabajo","Delimitación del área de trabajo","Procedimiento de mediciones atmòsfericas ","Medición de gases combustibles","Explosimetros\nRemitase a Matriz de Elementos de Protección",10,4,{"$f":"W12*X12","v":40},{"$f":"IF(Y12=0,\"N/A\",IF(AND(Y12>=1,Y12<=4),\"BAJO\",IF(AND(Y12>=6,Y12<=9),\"MEDIO\",IF(AND(Y12>=10,Y12<=20),\"ALTO\",IF(Y12>=24,\"CRITICO\")))))","v":"CRITICO"},100,{"$f":"Y12*AA12","v":4000},{"$f":"IF(AB12=0,\"N/A\",IF(AND(AB12>=1,AB12<=100),\"IV\",IF(AND(AB12>=101,AB12<=400),\"III\",IF(AND(AB12>=401,AB12<=1200),\"II\",IF(AB12>=1201,\"I\")))))","v":"I"},{"$f":"IF(AC12=\"N/A\",\"N/A\",IF(AND(AC12=\"IV\"),\"ACEPTABLE\",IF(AND(AC12=\"III\"),\"ACEPTABLE CON CONTROL MONITOREADO\",IF(AND(AC12=\"II\"),\"NO ACEPTABLE O ACEPTABLE CON CONTROL ESPECIFICO\",IF(AC12=\"I\",\"NO ACEPTABLE\")))))","v":"NO ACEPTABLE"},"NO","NO","Ventilación del área de trabajo","Elaborar procedimiento seguro para el ingreso al sistema de alcantarillado\nExamanes médicos ocupacionales\nEquipos adecuados para medición","Delimitación del área de trabajo","Utilización de los equipos para medición de gases (Multigas)","Explosimetros\nRemitase a Matriz de Elementos de Protección","Mediciones Atmósfericas","Analista SST","\nRealizar charlas pre operacionales de seguridad y revision del los equipos a utilizar.\nRealizar mediciones atmosfericas antes y durante las labores a realizar."]
["SISTEMA DE ALCANTARILLADO","OPERATIVO","Mantenimiento Locativo y Operativo ","Mantenimiento","Quimico","Material Particulado","Exposición a partículas de polvo, proyección de objetos y partículas.","Golpes, fracturas, heridas","NO","SI",5,2,0,7,8,"NO","NO","Ventilación del área de trabajo","Delimitación del área de trabajo","Procedimiento de ventilación del área de trabajo","Medición de gases atmósfericos","Equipos de respiración autónoma",10,4,40,"CRITICO",100,4000,"I","NO ACEPTABLE","NO","NO","Ventilación del área de trabajo","Elaborar procedimiento seguro para el ingreso al sistema de alcantarillado\nExamanes médicos ocupacionales\nEquipos adecuados para medición","Delimitación del área de trabajo","Medición de gases atmósfericos","Equipos de respiración autónoma","Mediciones Atmósfericas","Analista SST","Realizar charlas pre operacionales de seguridad."]
["SISTEMA DE ALCANTARILLADO","OPERATIVO","Mantenimiento Locativo y Operativo ","Mantenimiento","Fisico","Presión atmósferica \n(normal y ajustada)","Deficiencia de oxìgeno por debajo de los parametros permisibles","Asfixia y muerte","NO","SI",5,2,0,7,8,"NO","NO","Ventilación del área de trabajo","Delimitación del área de trabajo","Procedimiento de mediciones atmòsfericas ","Mediciones de presión atmósferica","Equipos de respiración autónoma",10,4,40,"CRITICO",100,4000,"I","NO ACEPTABLE","NO","NO","Ventilación del área de trabajo","Elaborar procedimiento seguro para el ingreso al sistema de alcantarillado\nExamanes médicos ocupacionales\nEquipos adecuados para medición","Delimitación del área de trabajo","Mediciones de presión atmósferica","Equipos de respiración autónoma","Mediciones Atmósfericas","Analista SST","Realizar las tecnicas de muestreo para verificar el porcentaje de oxigeno presente en el area de trabajo."]
["SISTEMA DE ALCANTARILLADO","OPERATIVO","Mantenimiento Locativo y Operativo ","Mantenimiento","Fisico","Temperaturas extremas \n(calor y frio)","Temperatura: 29°C Mas de 6 horas, 30°C Mas de 4 horas, a 31°C màs de 2 horas.mas de 32°C.","Estrés termico, hipotermia, hipertermia, colapso termico y muerte.","NO","SI",5,2,0,7,8,"NO","NO","Mediciones de temperatura y de acuerdo a resultados, establecer sistemas de ventilación y/o enfriamiento del aire.\nLimitar la exposición dentro de los rangos permisibles.","Ropa Protectora","Procedimiento de mediciones atmòsfericas ","Mediciones de temperatura\nMedición térmica","Ropa Protectora",10,1,10,"ALTO",100,1000,"II","NO ACEPTABLE O ACEPTABLE CON CONTROL ESPECIFICO","NO","NO","Mediciones de temperatura y de acuerdo a resultados, establecer sistemas de ventilación y/o enfriamiento del aire.\nLimitar la exposición dentro de los rangos permisibles.","Elaborar procedimiento seguro para el ingreso al sistema de alcantarillado\nExamanes médicos ocupacionales\nEquipos adecuados para medición","Delimitación del área de trabajo","Mediciones de temperatura\nMedición térmica","Ropa Protectora","Medición Térmica","Analista SST","Realizar mediociones atmosfericas antes y durante las labores a realizar.\nRealizar mediciones termicas."]
["SISTEMA DE ALCANTARILLADO","OPERATIVO","Mantenimiento Locativo y Operativo ","Mantenimiento","Biologico","Virus, Bacterias, Hongos, Ricketsias, Parásitos, Fluidos o excrementos, Mordeduras","Presencia de agentes biologicos","Leptospirosis (Por contacto de aguas contaminadas) Legionelosis (Por inhalacion por vapores contaminados)","NO","SI",5,2,0,7,8,"NO","NO","NO","NO","Sistema de Vigilancia Epidemiológica Riesgo Biológico","Riesgo Biológico","Ropa Protectora",10,1,10,"ALTO",100,1000,"II","NO ACEPTABLE O ACEPTABLE CON CONTROL ESPECIFICO","NO","NO","Limpieza del área de trabajo","Elaboración de procedimiento de primeros auxilios para situaciones de infección. \nExamenes Médicos Ocupacionales Periódicos\nVacunación","Delimitación del área de trabajo","Primeros Auxilios en caso de infección","Ropa Protectora","SVE Biológico","Analista SST","Utilizar la ropa protectora para evitar el contacto con hongos, bacteria y demas focos de infeccion."]
["SISTEMA DE ALCANTARILLADO","OPERATIVO","Mantenimiento Locativo y Operativo ","Mantenimiento","Biologico","Virus, Bacterias, Hongos, Ricketsias, Parásitos, Fluidos o excrementos, Mordeduras","Presencia de heces en aguas contaminadas","Sepsis (Debido al contacto directo por los orificios del cuerpo)","NO","SI",5,2,0,7,8,"NO","NO","NO","NO","Sistema de Vigilancia Epidemiológica Riesgo Biológico","Riesgo Biológico","Ropa Protectora",10,1,10,"ALTO",100,1000,"II","NO ACEPTABLE O ACEPTABLE CON CONTROL ESPECIFICO","NO","NO","Limpieza del área de trabajo","Elaboración de procedimiento de primeros auxilios para situaciones de infección. \nExamenes Médicos Ocupacionales Periódicos\nVacunación","Delimitación del área de trabajo","Primeros Auxilios en caso de infección","Ropa Protectora","SVE Biológico","Analista SST","Utilizar la ropa protectora para evitar el contacto con hongos, bacteria y demas focos de infeccion."]
["SISTEMA DE ALCANTARILLADO","OPERATIVO","Mantenimiento Locativo y Operativo ","Mantenimiento","Biologico","Virus, Bacterias, Hongos, Ricketsias, Parásitos, Fluidos o excrementos, Mordeduras","Presencia de plaga y roedores","Tetanos","NO","SI",5,2,0,7,8,"NO","NO","NO","NO","Sistema de Vigilancia Epidemiológica Riesgo Biológico","Riesgo Biológico","Ropa Protectora",10,1,10,"ALTO",100,1000,"II","NO ACEPTABLE O ACEPTABLE CON CONTROL ESPECIFICO","NO","NO","Limpieza del área de trabajo","Elaboración de procedimiento de primeros auxilios para situaciones de infección. \nExamenes Médicos Ocupacionales Periódicos\nVacunación","Delimitación del área de trabajo","Primeros Auxilios en caso de infección","Ropa Protectora","SVE Biológico","Analista SST","Utilizar la ropa protectora para evitar el contacto con hongos, bacteria y demas focos de infeccion."]
["SISTEMA DE ALCANTARILLADO","OPERATIVO","Mantenimiento Locativo y Operativo ","Mantenimiento","Biomecánico","Postura\n(prolongadas, mantenida, forzada, antigravitacional)","Otras Posturas subestandar en la realización de la tarea que generan extensión muscular.\nPosiciones incomodas que comprometan forzar de forma excesiva y prolongada de articulaciones y posiciones no convencionales del cuerpo","Desordenes de trauma acumulativo, lesiones del sistema músculo esquelético, fatiga, lumbalgia, entre otros","NO","SI",5,2,0,7,8,"NO","NO","NO","N/A","Sistema de Vigilancia Epidemiológica Desosdenes Musculoesqueleticos","Manipulación manual de carga\nHigiene postural\nPausas Activas\nEnfermedades Laborales","N/A",10,1,10,"ALTO",100,1000,"II","NO ACEPTABLE O ACEPTABLE CON CONTROL ESPECIFICO","NO","NO","NO","Programa de Gimnasia Laboral\nAnálisis de Puesto de Trabajo","Delimitación del área de trabajo","Ergonomía\nEnfermedades Laborales\nManipulación manual de carga\nGimnasia laboral","N/A","SVE Desordenes Musculo-esqueleticos","Analista SST","Realizar pausas activas si el trabajo supera màs de 2 horas continuas."]
["SISTEMA DE ALCANTARILLADO","OPERATIVO","Mantenimiento Locativo y Operativo ","Mantenimiento","Condiciones de Seguridad","Mecanico \n(Elementos o partes de maquinas, herramientas , equipos,piezas a trabajar, materiales, proyectados solidos o fluidos)","Contacto con herramientas y maquinas","Heridas, amputaciones, laceraciones.","NO","SI",5,2,0,7,8,"NO","NO","Mantenimiento preventivo a Herramientas y/o elementos de trabajo","N/A","Programa de Riesgo Mecánico","Riesgo Mécanico","Guantes Poliuretano\nMonogafas",10,1,10,"ALTO",100,1000,"II","NO ACEPTABLE O ACEPTABLE CON CONTROL ESPECIFICO","NO","NO","NO","Elaborar un cronograma de mantenimiento preventivo de herramientas.\nRealizar Inspecciones de seguridad periódicamente a herramientas y/o elementos.                                                                                                                                                                                                                                                                                             \nSe recomienda realizar un ARO (análisis de riesgo por oficio).\nImplementar proceso de inducción y reinducción (peligros y riesgos en el trabajo, prevención de accidentes, deberes y obligaciones frente al SG-SST).\nElaborar matriz de EPP.\nElaborar un manual o instructivo de seguridad para mantenimiento de mecánica y socializarlo con el trabajador.\nSegumiento del programa de riesgo mecánico.","Delimitación del área de trabajo","Reporte de accidentes e incidentes de trabajo\nCuidado de mano\nSeguridad con herramientas y maquinas\nActos y condiciones inseguras\nComportamientos seguros\nUso de EPP.","Se recomienda mono gafas en policarbonato que permitan proteger los ojos de impacto de objetos como remaches, puntillas, etc.","SI","Analista SST","Es importante tener en optimas condiciones las herramientas y equipos para ejecución de tareas.\nSe recomienda diseñar un formato que le permita al trabajador reportar condiciones inseguras de maquinas y herramientas.\nElaborar un formato con un checklist de la herramientas y equipos para inspeccionar.\nRealizar charlas pre operacionales de seguridad. (5 min)."]
["SISTEMA DE ALCANTARILLADO","OPERATIVO","Mantenimiento Locativo y Operativo ","Mantenimiento","Condiciones de Seguridad","Electrico\n(Alta y baja tensión, estatica)","Mantenimiento correctivo y preventivo al sistema eléctrico (Riesgos de contacto o Arco eléctrico mayor o igual  a 25V  y menor o igual a 1000V)","Fibrilación ventricular, quemaduras, shock","NO","SI",5,2,0,7,8,"NO","NO","Mantenimiento correctivo y preventivo a equipos y herramientas eléctricas.","Instalación de señalización y bloqueo durante la ejecución de los mantenimientos.","Programa de Riesgo Eléctrico","Riesgo Eléctrico\nCinco Reglas de Oro","Uso de guante dieléctrico BT. Uso de herramienta dieléctrica en buen estado. Botas dieléctricas.\nSeguimiento uso de EPP",10,4,40,"CRITICO",100,4000,"I","NO ACEPTABLE","NO","NO","Mantenimiento correctivo y preventivo a equipos y herramientas eléctricas.","Realizar inspecciones de seguridad a comportamientos seguros, uso de EPP, herramientas y equipos dieléctricos.\nEs importante que las herramientas sean dieléctricas y que el aislante dieléctrico este en buen estado.\nImplementar un método para reportar condiciones inseguras por parte de trabajador (Buzón).\nImplementar proceso inducción y reinducción (peligros y riesgos en el trabajo, prevención de accidentes, deberes y obligaciones frente al SG-SST).\nFormación: Requisito de competencias en Riesgo Eléctrico y RETIE.\nEs importante Formación técnica del personal autorizado.","Instalación de señalización y bloqueo durante la ejecución de los mantenimientos.","Realizar charlas pre operacionales de seguridad. (5 min).","Uso de guante dieléctrico BT. Uso de herramienta dieléctrica en buen estado. Botas dieléctricas.\nSeguimiento uso de EPP","SI","Analista SST","Importante siempre establecer zonas seguras de trabajo.\nEn importante considerar que los mantenimientos deben contemplar la aplicación de las cinco reglas de oro, atendiendo a la necesidad de trabajar con los equipos desenergizados, excluyendo sólo los casos en que sea necesario. Los mantenimientos preventivos deberían implicar ventanas de mantenimiento. Los correctivos deben considerar como último recurso el trabajo."]
["SISTEMA DE ALCANTARILLADO","OPERATIVO","Mantenimiento Locativo y Operativo ","Mantenimiento","Condiciones de Seguridad","Locativo\n(sistemas y medios de almacenamiento)\nSuperficies de trabajo (irregulares,deslizantes con diferencia del nivel)\nCondiciones de orden y aseo (caida de objetos).","\nPuesto de Trabajo\nOrden y Aseo","Golpes, heridas, contusiones, fracturas, esguinces, luxaciones, estrés.","NO","SI",5,2,0,7,8,"NO","NO","Delimitación del área de trabajo","Mantener el área despejada\nRiesgo de Caída de Objetos","Programa de Orden y Aseo","Orden y Aseo (5S)","N/A",10,1,10,"ALTO",100,1000,"II","NO ACEPTABLE O ACEPTABLE CON CONTROL ESPECIFICO","NO","NO","NO","Implementar el programa de orden y aseo.\nInspecciones de seguridad con énfasis en orden y aseo.\nImplementar proceso de inducción y reinducción (peligros y riesgos en el trabajo, prevención de accidentes, deberes y obligaciones frente al SG-SST).\nElaborar un procedimiento de reporte de accidentes e incidentes de trabajo y socializarlo con el personal.\nElaborar un cronograma de inspecciones de seguridad.\nImplementar normas de almacenamiento seguro.","Delimitación del área de trabajo","Orden y Aseo (5S)","Remítase a la matriz de Elementos de Protección Personal","SI","Analista SST","Es importante retirar todo aquel elemento que no pertenezca al área.\n\nRealizar charlas pre operacionales de seguridad. (5 min)."]
["SISTEMA DE ALCANTARILLADO","OPERATIVO","Mantenimiento Locativo y Operativo ","Mantenimiento","Condiciones de Seguridad","Locativo\n (Sistemas y medios de almacenamiento)\nSuperficies de trabajo (irregulares,deslizantes con diferencia del nivel)\nCondiciones de orden y aseo (caida de objetos).","Condiciones físicas de las instalaciones\nPisos, Techos, Paredes, Estructura (vigas, Columnas), Cielorrasos, Ventanas, Puertas, Rampas, Escaleras, etc.","Golpes, heridas, contusiones, fracturas, esguinces, luxaciones, atrapamiento, caídas a distinto y mismo nivel.","NO","SI",5,2,0,7,8,"NO","NO","NO","Colocar señal preventiva e informativa (caídas a nivel).","Programa de Riesgo Locativo","Riesgo Locativo","N/A",10,1,10,"ALTO",100,1000,"II","NO ACEPTABLE O ACEPTABLE CON CONTROL ESPECIFICO","NO","NO","NO","Se recomienda inspecciones de pre-seguridad a el área de trabajo.\nImplementar un método para reportar condiciones inseguras por parte de trabajador (Buzón).\nImplementar proceso de inducción y reinducción (peligros y riesgos en el trabajo, prevención de accidentes, deberes y obligaciones frente al SG-SST).\nElaborar un procedimiento de reporte de accidentes e incidentes de trabajo y socializarlo con el personal.\nElaborar un cronograma de inspecciones de seguridad y mantenimiento a la parte locativo.","Colocar señal preventiva e informativa (caídas a nivel).","Caídas a nivel\nActos y Condiciones inseguras","Remítase a la matriz de Elementos de Protección Personal","SI","Analista SST","Se evidencia pisos en malas condiciones.\n\nRealizar charlas pre operacionales de seguridad. (5 min)."]
["SISTEMA DE ALCANTARILLADO","OPERATIVO","Mantenimiento Locativo y Operativo ","Mantenimiento","Condiciones de Seguridad","Accidentes de transito","Ingreso y salida de la compañía\nMovilización peatonal","Muerte, fracturas, contusiones, laceraciones.","NO","SI",5,2,0,7,8,"NO","NO","NO","Colocar señal preventiva e informativa (transito de vehículos, normas de transito)\nDelimitacvión del paso peatonal","Plan Estrátegico de Seguridad Vial","Seguridad vial\nComportamientos seguros","N/A",6,1,6,"MEDIO",25,150,"III","ACEPTABLE CON CONTROL MONITOREADO","NO","NO","NO","Implementar proceso y reinducción (peligros y riesgos en el trabajo, prevención de accidentes, deberes y obligaciones frente al SG-SST).","Colocar señal preventiva e informativa (transito de vehículos, normas de transito) \nDelimitación del paso peatonal.","Seguridad Vial\nComportamientos seguros","N/A","SI","Analista SST","Sensibilizar al personal para uso de vías de circulación al momento de establecerlas.\n\nRealizar charlas pre operacionales de seguridad. (5 min)."]
["SISTEMA DE ALCANTARILLADO","OPERATIVO","Mantenimiento Locativo y Operativo ","Mantenimiento","Condiciones de Seguridad","Tecnológico (explosión, fugas, derrames, incendio)","Exceso de oxigeno por encima del 23% ","Mareo, confusion, inconciencia, hiperoxia y muerte","NO","SI",5,2,0,7,8,"NO","NO","NO","Equipos de Emergencia\nDelimitación del área de trabajo\nInstalar extintores.\nSeñalización del área mientras se este trabajando.","Plan de Emergencias","Primeros Auxilios\nEvacuación\nContraincendios","Remitase a Matriz de Elementos de Protección",10,4,40,"CRITICO",100,4000,"I","NO ACEPTABLE","NO","NO",null,"Elaborar el plan de emergencias y socializarlo con el personal.\nRealizar simulacros de evacuación periódicamente y socializar los resultados con el personal.\nInspecciones de seguridad a equipos de emergencias periódicamente.\nConformar el grupo de brigadistas.\nImplementar proceso y reinducción (peligros y riesgos en el trabajo, prevención de accidentes, deberes y obligaciones frente al SG-SST).","Demarcar el área donde se encuentra el equipo e identificarlo claramente (nombre del equipo)","Primeros Auxilios\nEvacuación\nContraincendios","Equipos de Emergencia","SI","Analista SST","Los equipos de emergencias deben estar libres de obstáculos y en optimas condiciones."]
["SISTEMA DE ALCANTARILLADO","OPERATIVO","Mantenimiento Locativo y Operativo ","Mantenimiento","Condiciones de Seguridad","Tareas de alto riesgo","Trabajo en alturas","Caídas, golpes, traumatismos, discapacidad, muerte, etc.","NO","SI",5,2,0,7,8,"NO","NO","NO","Delimitación del área de trabajo","Programa Contra Caídas","Importancia del uso de EPP\nCondiciones y actos inseguros\nComportamientos seguros y autocuidado\nReporte de accidentes e incidente de trabajo\nCurso avanzado en alturas.","Equipos de Protección Contra Caídas",6,3,18,"ALTO",25,450,"II","NO ACEPTABLE O ACEPTABLE CON CONTROL ESPECIFICO","NO","NO","Sistema de Descenso","Implementar programa contra caídas.\nInspecciones de seguridad rutinarias a EPP y áreas de trabajo.\nRealizar un checklist a EPP.\nEs importante realizar permiso de trabajo en alturas y ATS.\nImplementar proceso de inducción y reinducción para contratistas (peligros y riesgos en el trabajo, prevención de accidentes, deberes y obligaciones frente al SG-SST)\nCurso Certificación en alturas actualizado.\nExámenes médicos para trabajo en altura periódicamente.","Delimitación del área de trabajo","Uso de EPP\nCondiciones y actos inseguros\nComportamientos seguros y autocuidado\nReporte de accidentes e incidentes de trabajo","Seguimiento a uso de EPP","SI","Analista SST","No se cuenta con un mecanismo de anclaje para realizar trabajo en altura."]
["SISTEMA DE ALCANTARILLADO","OPERATIVO","Mantenimiento Locativo y Operativo ","Mantenimiento","Fenómenos Naturales","Sismo, Terremotos, vendavales inundaciones, derrumbes precipitaciones(lluvias, granizadas, heladas)"," Condiciones Naturales\nSismo, Terremotos, inundaciones, precipitaciones ","Perdidas humanas, físicas, financieras, tecnológicas","NO","SI",5,2,0,7,8,"NO","NO","NO","Equipos de Emergencia\nDelimitación del área de trabajo\nSeñalización del área mientras se este trabajando.","Plan de Emergencias","Primeros Auxilios\nEvacuación\nContraincendios","Remitase a Matriz de Elementos de Protección",10,4,40,"CRITICO",100,4000,"I","NO ACEPTABLE","NO","NO","NO","Elaborar el plan de emergencias y socializarlo con el personal.\nRealizar simulacros de evacuación periódicamente y socializar los resultados con el personal.\nInspecciones de seguridad a equipos de emergencias periódicamente.\nConformar el grupo de brigadistas.\nImplementar proceso y reinducción (peligros y riesgos en el trabajo, prevención de accidentes, deberes y obligaciones frente al SG-SST).\nElaborar un procedimiento para ingreso de visitantes a la compañía.","Delimitación del área de trabajo\nEquipos de Emergencia","Primeros Auxilios\nEvacuación\nContraincendios","Equipos de Emergencia","SI","Analista SST","Los equipos de emergencias deben estar libres de obstáculos y en optimas condiciones."]

{"sheet":"VR Espacios Confinados","index":1,"n_rows":6,"n_cols":6,"rows_kept":6,"merged":[[0,0,1,1],[2,0,5,0]]}
["MATRIZ DE VALORACIÓN DE RIESGOS",null,"CONSECUENCIAS"]
[null,null,"INSIGNIFICANTE","MODERADO","DAÑINO","EXTREMO"]
["PROBABILIDAD","MUY ALTA","MEDIO","ALTO","CRITICO","CRITICO"]
[null,"ALTA","MEDIO","ALTO\n Locativo por orden y aseo del puesto de trabajo y por condiciones físicas de las instalaciones (pisos, techos, paredes, estructura vigas, columnas-, cielorrasos, ventanas, puertas, rampas, escaleras, etc.). Psicosocial por factores intralaborales, factores extra laborales, factores individuales debidos a gestión organizacional (estilos de mando, capacitación, evaluación de desempeño, etc.), características de la organización, condiciones de las tareas y jornadas de trabajo (pausas, trabajo, descansos, horas extras). Químico por manipulación de productos químicos (líquidos, gases y vapores).","ALTO\nRiesgo de temperaturas extremas, exposicion a focos de infeccion ","CRITICO\nRiesgo de asfixia por presencia de gases toxicos, inflamables y defisciencia de oxigeno"]
[null,"MEDIA","BAJO","MEDIO","ALTO","ALTO\nTareas de alto riesgo relativas al trabajo en espacios confinados y caidas en alturas al momento de ascenso y descenso de estos."]
[null,"BAJA","BAJO","BAJO","MEDIO","MEDIO"]

{"sheet":"Peligros ","index":2,"n_rows":12,"n_cols":8,"rows_kept":12,"merged":[[0,1,0,7],[1,1,1,7],[3,0,10,0],[11,0,12,7]]}
[null,"TABLA DE PELIGROS"]
[null,"CLASIFICACIÓN"]
[null,"Biologico","Fisico","Quimico","Psicosocial","Biomecanicos","Condiciones de seguridad","Fenomenos naturales"]
["DESCRIPCIÓN","Virus","Ruido ( de impacto,intermitente o continuo)","polvos organicos - inorganicos","Gestión  organizacional(estilo de mando, pago,contratación,participación,inducción y capacitación, bienestar social, evaluación del desempeño, manejo de cambios.","Postura (prolongadas, mantenida, forzada, antigravitacional)","Mecanico (Elementos o partes de maquinas, herramientas , equipos,piezas a trabajar, materiales, proyectados solidos o fluidos)","Sismo"]
[null,"Bacterias","Iluminación (luz visible por exceso o deficiencia)","Fibras","Caracteristicas de la organización del trabajo(comunicación,tecnologia,organización del trabajo , demandas cualitativas y cuantitativas de la labor)","Esfuerzo","Electrico (alta y baja tensión, estatica)","terremoto"]
[null,"Hongos","Vibración(cuerpo entero, segmentaria)","liquidos(nieblas y rocios)","Caracteristicas del grupo social de trabajo (relaciones, cohesión, calidad de interacciones , trabajo en equipo)","movimiento repetitivo","Locativo (sistemas y medios de almacenamiento) ,superficies de trabajo (irregulares,deslizantes con diferencia del nivel), condiciones de orden y aseo (caida de objetos).","vendavales"]
[null,"Ricketsias","Temperaturas extremas (calor y frio)","Gases y vapores","Condiciones de la tarea (carga mental, contenido de la tarea,demandas emocionales, sistemas de control, definición de roles , monotonia ,etc)","manipulacion manual de carga","Tecnologico (explosión, fugas,derrames,incendio)","inundaciones"]
[null,"Parasitos","Presión atmosferica (normal y ajustada)","Humos metalicos no metalicos","Interfase persona- tarea (conocimientos, habilidades en relación con la demanda de la tarea, iniciativa,autonomia y reconocimiento,identificación de la persona con la tarea y la organización",null,"Accidentes de transito","derrumbe"]
[null,"Fluidos o excrementos","Radiaciones ionizantes (rayosx,gama,beta y alfa)","material particulado","Jornada de trabajo (pausas ,trabajo nocturno, rotación , horas extras , descansos)",null,"Publicos(robos,atracos,asaltos,atentados,de orden publico,etc)","precipitaciones(lluvias,granizadas, heladas)"]
[null,"mordeduras","Radiaciones no ionizantes (laser,ultravioleta,infraroja,radiofrecuencia,microondas)",{"$nulls":3},"Trabajo en alturas"]
[null,"Fluidos o excrementos",{"$nulls":4},"Espacios confinados"]
["Tener en cuenta  unicamente  los peligros  de fenomenos  naturales que afectan  la seguridad  y bienestar  de l os colaboradores  en el desarrollo de su actividad."]

{"sheet":"Tablas NE - NC - NP - ND","index":3,"n_rows":21,"n_cols":10,"rows_kept":21,"merged":[[0,0,0,2],[0,4,1,5],[0,6,0,9],[2,4,4,4],[8,0,8,2],[9,0,10,0],[9,1,10,1]]}
["Determinación del nivel de exposición",{"$nulls":3},"NIVEL DE PROBABILIDAD",null,"NIVEL DE EXPOSICION (NE)"]
["Nivel de exposición","Valor\nde NE","Significado",{"$nulls":3},4,3,2,1]
["Continua (EC)",4,"La situación de exposición se presenta sin interrupción o varias veces con tiempo prolongado durante la jornada laboral.",null,"NIVEL DE DEFICIENCIA (ND)",10,"C - 40","C - 30","A - 20","A - 10"]
["Frecuente (EF)",3,"La situación de exposición se presenta varias veces durante la jornada\nlaboral por tiempos cortos.",null,null,6,"C - 24","A - 18","A - 12","M - 6"]
["Ocasional (EO)",2,"La situación de exposición se presenta alguna vez durante la jornada laboral y por un periodo de tiempo corto.",null,null,2,"M - 8","M - 6","B - 4"," B - 2"]
["Esporádica (EE)",1,"La situación de exposición se presenta de manera eventual."]
[]
[]
["Determinación del nivel de consecuencias"]
["Nivel de Significado\nConsecuencias","NC","Significado"]
[null,null,"Daños Personales"]
["Mortal o Catastrófico (M)",100,"Muerte (s)"]
["Muy grave (MG)",60,"Lesiones o enfermedades graves irreparables \n(Incapacidad permanente parcial o invalidez)."]
["Grave (G)",25,"Lesiones o enfermedades con incapacidad laboral temporal (ILT)."]
["Leve (L)",10,"Lesiones o enfermedades que no requieren incapacidad."]
[]
["Nivel de Deficiencia","Valor de ND","Significado"]
["Critico (C)",10,"Se ha(n) detectado peligro(s) que determina(n) como posible la generación de incidentes o consecuencias muy significativas, o la eficacia del conjunto de medidas preventivas existentes respecto al riesgo es nula o no existe, o ambos."]
["Alto (A)",6,"Se ha(n) detectado algún(os) peligro(s) que pueden dar lugar a consecuencia significativa(s), o la eficacia del conjunto de medidas preventivas existentes es baja, o ambos."]
["Medio (M)",2,"Se han detectado peligros que pueden dar lugar a consecuencias poco significativas o de menor importancia, o la eficacia del conjunto de medidas preventivas existentes es moderada, o ambos."]
["Bajo (B)","No se asigna valor","No se ha detectado consecuencia alguna, o la eficacia del conjunto de medidas preventivas existentes es alta, o ambos. El riesgo está controlado.\nEstos peligros se clasifican directamente en el nivel de riesgo y de intervención cuatro (IV) Véase la Tabla 8."]

{"sheet":"Tablas NR ","index":4,"n_rows":6,"n_cols":10,"rows_kept":6,"merged":[[0,0,1,1],[0,2,0,9],[1,2,1,3],[1,4,1,5],[1,6,1,7],[1,8,1,9],[2,0,5,0],[2,2,2,3],[2,4,2,5],[2,6,2,7],[2,8,2,9],[3,6,3,7],[4,2,4,3],[4,4,4,5],[4,8,4,9],[5,2,5,3],[5,4,5,5],[5,6,5,7],[5,8,5,9],[6,0,6,9]]}
["MATRIZ DE VALORACIÓN DE RIESGOS",null,"NIVEL DE CONSECUENCIAS (NC)"]
[null,null,10,null,25,null,60,null,100]
["NIVEL DE PROBABILIDAD (NP)","40--24","MEDIO\nIII\n400 - 240",null,"ALTO\nII\n1000 - 600",null,"CRITICO\nI\n2400 - 1440",null,"CRITICO\nI\n4000 - 2400"]
[null,"20--10","BAJO\nIV -100","MEDIO\nIII - 200","MEDIO\nIII - 250","ALTO\nII - 500 ","ALTO\nII\n1200 - 600",null,"ALTO\nII - 1000","CRITICO\nI - 2000"]
[null,"8--6","BAJO \nIV\n80 - 60",null,"MEDIO\nIII\n200 - 150",null,"MEDIO\nIII - 250","ALTO\nII - 500 ","ALTO\nII\n1000 - 600"]
[null,"4--2","BAJO\nIV \n20 - 40",null,"BAJO \nIV\n100 - 50",null,"MEDIO\nIII\n120 - 240",null,"MEDIO\nIII\n400 - 240"]

{"sheet":"Hoja de Actualizaciones","index":5,"n_rows":4,"n_cols":6,"rows_kept":4,"merged":[[1,0,2,0],[1,1,2,1],[1,2,2,2],[1,3,2,3],[1,4,1,5]]}
[]
["FECHA DEL CAMBIO","VERSIÓN","NUMERAL","DESCRIPCION DEL CAMBIO","APROVACION DEL CAMBIO"]
[{"$nulls":4},"NOMBRE DE QUIEN REALIZA LA ACTUALIZACION ","CARGO"]
["2017-05-09",2,"11 - 00\nA - AN","Levantamiento y Actualizacion de Información 11 - 19","Dayana A. Corzo Arias.","Pasante de SST"]